| 000 | 00601nam a2200193Ia 4500 | ||
|---|---|---|---|
| 003 | GCL | ||
| 008 | 140319s9999 xx 000 0 ara d | ||
| 040 |
_aGCL / _cGCL |
||
| 082 | 0 | 4 |
_a62106 _bم م |
| 100 | 1 | _aمحمود فوزى | |
| 245 | 1 | 0 |
_aالمضخات الهيدروليكية / _cمحمود فوزى |
| 700 | 1 | _aمحمود فوزى عبدالعزيز | |
| 260 |
_a[S.N] : _bمؤسسة الاهرام ، _c1980 |
||
| 300 | _a266 ص | ||
| 490 |
_aالاسس التكنولوجية _v0 |
||
| 650 | 0 | 4 | _aالهندسة الهيدروليكية |
| 650 | 0 | 4 | _aالمضخات |
| 942 |
_2ddc _cBK |
||
| 999 |
_c53542 _d53542 |
||